Regional problems and policies / (Record no. 25779)
[ view plain ]
| 000 -LEADER | |
|---|---|
| fixed length control field | 00804cam a22002415a 4500 |
| 001 - CONTROL NUMBER | |
| control field | 009386788 |
| 005 - DATE AND TIME OF LATEST TRANSACTION | |
| control field | 20171224120219.0 |
| 008 - FIXED-LENGTH DATA ELEMENTS--GENERAL INFORMATION | |
| fixed length control field | 821011t1982 enka frb 001 0 eng d |
| 020 ## - INTERNATIONAL STANDARD BOOK NUMBER | |
| International Standard Book Number | 003910351X |
| 040 ## - CATALOGING SOURCE | |
| Original cataloging agency | Uk |
| Transcribing agency | Uk |
| Language of cataloging | eng |
| Modifying agency | EG-ScBUE |
| 082 04 - DEWEY DECIMAL CLASSIFICATION NUMBER | |
| Classification number | 330.941082 |
| Edition number | 22 |
| Item number | GRE |
| 100 10 - MAIN ENTRY--PERSONAL NAME | |
| Personal name | Green, W. |
| Fuller form of name | (William) |
| 245 10 - TITLE STATEMENT | |
| Title | Regional problems and policies / |
| Statement of responsibility, etc | W. Green, D. Clough. |
| 246 34 - VARYING FORM OF TITLE | |
| Title proper/short title | Regional problems & policies |
| 260 ## - PUBLICATION, DISTRIBUTION, ETC. (IMPRINT) | |
| Place of publication, distribution, etc | London : |
| Name of publisher, distributor, etc | Holt Rinehart and Winston, |
| Date of publication, distribution, etc | c.1982. |
| 300 ## - PHYSICAL DESCRIPTION | |
| Extent | 143 p. : |
| Other physical details | ill. ; |
| Dimensions | 22 cm. |
| 504 ## - BIBLIOGRAPHY, ETC. NOTE | |
| Bibliography, etc | Includes bibliographical references and index. |
| 650 #7 - SUBJECT ADDED ENTRY--TOPICAL TERM | |
| Topical term or geographic name as entry element | Regional planning |
| Geographic subdivision | Great Britain. |
| Source of heading or term | BUEsh |
| 9 (RLIN) | 33411 |
| 651 #7 - SUBJECT ADDED ENTRY--GEOGRAPHIC NAME | |
| Geographic name | Great Britain |
| General subdivision | Economic policy. |
| Source of heading or term | BUEsh |
| 9 (RLIN) | 30197 |
| 653 ## - INDEX TERM--UNCONTROLLED | |
| Resource For college | Generalities |
| -- | BAEPS, Political Science |
| Arrived date list | December2017 |
| 700 1# - ADDED ENTRY--PERSONAL NAME | |
| Personal name | Clough, D. |
| Fuller form of name | (Danny) |
| 942 ## - ADDED ENTRY ELEMENTS (KOHA) | |
| Source of classification or shelving scheme | Dewey Decimal Classification |
| Withdrawn status | Item status | Source of classification or shelving scheme | Damaged status | Not for loan | Home library | Current library | Shelving location | Date acquired | Source of acquisition | Total Checkouts | Full call number | Barcode | Date last seen | Koha item type |
|---|---|---|---|---|---|---|---|---|---|---|---|---|---|---|
| Dewey Decimal Classification | Central Library | Central Library | First floor | 24/12/2017 | Purchase | 330.941082 GRE | 000046985 | 15/07/2025 | Book - Borrowing |